000 00276nam a22001217a 4500
003 NUST
038 _aTanveer
082 _a891.4393
_bHIJ
245 _aKalisa aur Aag /
_cNaseem Hijazi
260 _aLahore
_bJahangir Books
_c[N.D]
300 _a428p.
_c25 cm.
942 _2ddc
_cBK
999 _c522833
_d522833